So zneškodňovaním odpadu treba rátať hneď na začiatku

Bibliographic Details
Main Author: Fratričová, Marta (Author)
Format: Article
Language:Slovak
Subjects:

MARC

LEADER 00000nab a2200000 a 4500
001 vtls000589345
003 SK-MaSNL
005 20260303222214.0
008 160202c1997 xo 0 slo
015 |a SNBRB19rr/mm-uuuuu 
035 |a CL0589484 
040 |a SNKBUCL  |b slo  |c SNKBUCL  |e AACR2 
041 0 |a slo 
044 |a xo  |c SK 
080 |a 349.6:628.4:504.064.4  |2 1981 
080 |a 628.4  |2 1981 
080 |a 504.064.4  |2 1981 
100 1 |a Fratričová, Marta  |4 aut  |9 800653 
245 1 0 |a So zneškodňovaním odpadu treba rátať hneď na začiatku  |c Marta Fratričová 
300 |b Fotogr. 1 
650 0 7 |a odpadové hospodárstvo  |2 snkbucl  |9 3603 
655 7 |a články z novín a časopisov  |2 snkbucl  |9 267496 
773 0 |t Hospodárske noviny  |g Roč. 5, č. 11 (17. 1. 1997)  |x 0862-9567 
773 0 |t [Príl.] Moderná obec a mesto  |g Č. 1, s. O4  |x 0862-9567 
850 |a Slovenská národná knižnica v Martine  |a MTA001 
852 |a SNK  |b KIS3GCP 
958 |a RK 
958 |a SK 
992 |a RBX 
999 |c 2238821  |d 2240751